000 00547nam a22001697a 4500
999 _c186404
_d186404
005 20220225152902.0
010 _aENG-131814
020 _a9789389795950
_c499.00
035 _aEN-115346
037 _bDBAD/PUB
082 _a000
245 _aCentral Teacher Eligibility Test Comprehensive Guide:
_bClass VI-VIII Paper II Social Studies, Social Science/
260 _aNew Delhi
_bDreamtech Press
_c2020
270 _bNew Delhi
_a19-A, Ansari Road, Daryaganj
_e110002
300 _avp.
_c27cm(pbk)
942 _2ddc
_cEN
_h000
_mCTE